000 00619nam a2200217Ia 4500
001 12605
003 GE_BSU
008 181216s||||||||xx |||||||||||||| ||und||
040 _cGE_BSU
080 _a635.9
100 _aГоловач,А.Г.
245 _aГазоны, их устроиство и содержание
245 _cОтв.ред.С.Я.соколов
260 _aМ-Л
260 _bИзд-во АНСССР
260 _c1955
300 _a336стр.27см.
300 _cБиблиогр.с.330-336
653 _aГазоны,их устроиство и содержание
942 _cBK
999 _c45778
_d45778